GEODETIC GRAPHS WHICH ARE HOMEOMORPHIC TO COMPLETE GRAPHS

Bibliographic Details
Main Author: Zelinka, Bohdan, 1940-2005 (Author)
Format: Article
Language:English

MARC

LEADER 00000nab a2200000uu 4500
001 vtls011451020
003 SK-MaSNL
005 20260303151405.0
008 230222|1977 xo |||||||||||||||||eng|
015 |a SNBRB 
035 |a (urnnbn)urn:nbn:sk:snk:ar-006k9f 
035 |a (uuid)4d6c4809-94a5-4f6a-b9e7-ba88de057ca4 
035 |a urn:nbn:sk:snk-abcn2r 
040 |a SNKBUCL  |b slo  |c SNKBUCL  |e AACR2 
041 0 |a eng 
044 |a xo  |c SK 
100 1 |a Zelinka, Bohdan,  |d 1940-2005  |4 aut  |9 116674 
245 1 0 |a GEODETIC GRAPHS WHICH ARE HOMEOMORPHIC TO COMPLETE GRAPHS  |c Bohdan Zelinka 
773 0 |t Mathematica Slovaca  |g Roč. 27, č. 2 (1977), s. 129-132 
958 |a OND 
958 |a EUIPO 
958 |a article16 
999 |c 2017504  |d 2019434